[Event "Kitchener Riedstra Memorial U2000"]
[Site "Kitchener"]
[Date "2012.03.10"]
[Round "2"]
[White "Piccinin, Mario"]
[Black "Serfula, Jay"]
[Result "1-0"]
[WhiteElo "1700"]
[BlackElo "1844"]
[PlyCount "73"]
[EventDate "2012.03.09"]
[EventType "swiss"]
[EventRounds "5"]
[EventCountry "CAN"]
[SourceTitle "EXT 2022"]
[Source "ChessBase"]
[SourceDate "2021.10.06"]
[SourceVersion "1"]
[SourceVersionDate "2021.10.06"]
[SourceQuality "1"]

1. b3 d5 2. Bb2 c5 3. e3 Nc6 4. Bb5 Bd7 5. Nf3 a6 6. Bxc6 Bxc6 7. Ne5 Qc7 8. f4 Nf6 9. 0-0 g6 10. d3 Bg7 11. Nd2 0-0 12. Nxc6 Qxc6 13. Qf3 Rfd8 14. Rad1 Rac8 15. e4 Nxe4 16. Bxg7 Nxd2 17. Rxd2 Kxg7 18. f5 d4 19. Qg4 Rd6 20. Rdf2 Rf6 21. fxg6 hxg6 22. Rxf6 exf6 23. h4 Qe6 24. Qf3 b5 25. g3 Re8 26. Kg2 Qe2+ 27. Rf2 Qxf3+ 28. Kxf3 g5 29. Kg4 Re5 30. Rf5 gxh4 31. gxh4 a5 32. Rxe5 fxe5 33. Kf5 f6 34. h5 c4 35. bxc4 bxc4 36. dxc4 Kh6 37. c5 1-0